000 01126nam a22003490a 4500
001 PT16212
003 AR-LpoUNG
005 20210131232701.0
008 191001s1987||||ag |||||||||||||||||spa d
040 _aAR-LpoUNG
_bspa
_cAR-LpoUNG
_eaacr
041 _aspa
044 _aag
082 0 _a372.104 275seg
100 1 _aAgoff, Sergio
245 1 3 _aEl segundo hogar
250 _a1§ edición
260 _aBuenos Aires :
_bPrograma,
_c1987.
300 _a54 p. :
_btbls., gráfs., mapas
520 _aLa obra ofrece una reflexión sobre teorías y prácticas en entorno a las problemáticas institucionales, el trabajo esta basado en una investigación de campo realizado en el ámbito de una escuela primaria de Capital Federal.
650 4 _aEDUCACION
650 4 _aESCUELAS PRIMARIAS
650 4 _aINVESTIGACION EDUCATIVA
650 4 _aMANEJO DE PROBLEMAS
650 4 _aMARCO INSTITUCIONAL
650 4 _aMEDIO ESCOLAR
650 4 _aRESULTADOS DE INVESTIGACION
651 4 _aArgentina
700 1 _aKaminsky, Gregorio
_epról.
700 1 _aLibedinsky, Miguel
905 _a16212
942 _cLIB
999 _c16913
_d16913